LEADER 00876nam a2200229 i 4500 001 000000118137 003 CaOOAMICUS 005 20050708000000.0 008 050708s1981 it u000 u ita u 013 $a90830 040 $aSeMil$bita 100 1 $aDöblin, Alfred <1878-1957>.$0(OLS)http://semarc/name/46308 245 10$aBerlin Alexanderplatz /$cAlfred Döblin ;[traduzione di Alberto Spaini]. 260 $aMilano :$bClub del Libro,$c1981. 300 $a516 p. ;$c21 cm. 500 $aContiene : Appendice. 700 1 $aSpaini, Alberto.$0(OLS)http://semarc/name/1324 850 $aSeMil 852 $aSeMil$W1$xVenegono$y1$m1O V 161$j73458$B73458$CSeMilBibl$Z2$F100025 $81 961 $aLascito: Colombo Card. Giovanni 996 $6245$aBerlin Alexanderplatz$9(OLS)http://semarc/title/173514 996 $6260$aMilano :$bClub del Libro$9(OLS)http://semarc/publisher/34066 LEADER 01073nam a2200265 i 4500 001 000000177215 003 CaOOAMICUS 005 20090320000000.0 008 090320s2008 it u000 u ita u 013 $a154724 020 $a978-88-343-1564-4 040 $aSeMil$bita 100 1 $aMonk, Ray.$0(OLS)http://semarc/name/24407 240 10$aHow to read Wittgenstein.$0(OLS)http://semarc/title/254499 245 10$aLeggere Wittgenstein /$cRay Monk ; [trad. di Gianni Rigamonti]. 260 $aMilano :$bVita e Pensiero,$c2008. 300 $a108 p. ;$c21 cm. 600 14$aWittgenstein, Ludwig.$0(OLS)http://semarc/subject/6402 700 1 $aRigamonti, Gianni,$d<1940- >.$0(OLS)http://semarc/name/19187 850 $aSeMil 852 $aSeMil$W1$xVenegono$y1$m2P III 685$j128027$B128027$CSeMilBibl$Z2$F140674 $81 961 $aAcquisto: DEA 996 $6020$a978-88-343-1564-4$9(OLS)http://semarc/number/165976 996 $6245$aLeggere Wittgenstein$9(OLS)http://semarc/title/254498 996 $6260$aMilano :$bVita e Pensiero$9(OLS)http://semarc/publisher/29642